Statistics for Top 5 NBA Career Point Per Game

Click here to take the quiz!

General Stats

  • This quiz has been taken 31 times
  • The average score is 4 of 5

Answer Stats

Points Per GamePlayer% Correct
30.1Michael Jordan
100%
30.07Wilt Chamberlain
96%
27.15*LeBron James
85%
27.12*Kevin Durant
74%
27.36Elgin Baylor
26%

Score Distribution

Percentile by Number Answered

Percent of People with Each Score

Your Score History

You have not taken this quiz